书目信息 |
| 题名: |
黄土高原人工林水分生态研究
|
|
| 作者: | 王孟本 , 李洪建 著 | |
| 分册: | ||
| 出版信息: | 北京 中国林业出版社 2001.10 |
|
| 页数: | 140页 | |
| 开本: | 24cm | |
| 丛书名: | ||
| 单 册: | ||
| 中图分类: | S718.55 | |
| 科图分类: | ||
| 主题词: | 林业--基础科学 | |
| 电子资源: | ||
| ISBN: | 7-5038-2840-4 | |
| 000 | 00683nam0 2200205 450 | |
| 001 | 1541131278 | |
| 005 | 20151222112701.32 | |
| 010 | @a7-5038-2840-4@dCNY20.00 | |
| 100 | @a20151222d2001 km y0chiy0120 ea | |
| 101 | 0 | @achi |
| 102 | @aCN@b110000 | |
| 200 | 1 | @a黄土高原人工林水分生态研究@Ahuang tu gao yuan ren gong lin shui fen sheng tai yan jiu@f王孟本, 李洪建著@Fwang meng ben,li hong jian zhu |
| 210 | @a北京@c中国林业出版社@d2001.10 | |
| 215 | @a140页@d24cm | |
| 606 | 0 | @a林业@x基础科学 |
| 690 | @aS718.55@v4 | |
| 701 | 0 | @a王孟本@Awang meng ben@4著 |
| 701 | 0 | @a李洪建@Ali hong jian@4著 |
| 801 | 0 | @aCN@b大连网信软件有限公司图书馆·11@c20151222 |
| 905 | @aZUCC@dS718.55@eW270 | |
| 黄土高原人工林水分生态研究/王孟本, 李洪建著.-北京:中国林业出版社,2001.10 |
| 140页;24cm |
| ISBN 7-5038-2840-4:CNY20.00 |
| ● |
| 相关链接 |
|
|
|
正题名:黄土高原人工林水分生态研究
索取号:S718.55/W270
 
预约/预借
| 序号 | 登录号 | 条形码 | 馆藏地/架位号 | 状态 | 备注 |
| 1 | 1235326 | 212353264 | 生命科学与工程学院资料室/ [索取号:S718.55/W270] | 在馆 |